[Event "Challenge"]
[Site "http://www.queenalice.com/game.php?id=1649787"]
[Date "2021.4.16"]
[Round "-"]
[White "MarGuizoni"]
[Black "crisvolei"]
[Result "1-0"]
[WhiteElo "1454"]
[BlackElo "1495"]

1. e4 e5 2. Nf3 Qf6 3. d4 h6 4. dxe5 Qe6 5. Bd3 g5 6. h3 Nc6 7. Nbd2 Bc5 8. Qe2
Nd4 9. Nxd4 Bxd4 10. Nf3 g4 11. Nxd4 Qxe5 12. Be3 d5 13. exd5 Qxd5 14. Nb5 Qxg2
15. Bc5+ Be6 16. Nxc7+ Kd8 17. Be4 Qxh1+ 18. Bxh1 Rc8 19. Qd2+ Bd7 20. Bd4 f6
21. Nd5 b6 22. Nxf6 Ke7 23. Qb4+ Kf7 24. Bd5+ Kg6 25. Be4+ Kf7 26. Nxd7 Nf6 27.
Bxf6 Rhe8 28. O-O-O gxh3 29. Bd5+ Kg6 30. Qg4+ Kh7 31. Qg7# 1-0

[Event "Challenge"]
[Site "http://www.queenalice.com/game.php?id=1649788"]
[Date "2021.4.16"]
[Round "-"]
[White "crisvolei"]
[Black "MarGuizoni"]
[Result "0-1"]
[WhiteElo "1501"]
[BlackElo "1488"]

1. e4 c5 2. c4 d6 3. d4 cxd4 4. Qxd4 Nc6 5. Qd5 e6 6. Qh5 Nf6 7. Qf3 Be7 8. c5
dxc5 9. Bb5 Qa5+ 10. Nc3 O-O 11. Bd2 Nd4 12. Qd3 Rd8 13. Nd5 Qxb5 14. Qxb5 Nxb5
15. Nxe7+ Kf8 16. Nxc8 Raxc8 17. a4 Nd4 18. O-O-O Nb3+ 19. Kc2 c4 20. Nf3 Nxe4
21. Bb4+ Ke8 22. Rxd8+ Rxd8 23. Rd1 Rxd1 24. Kxd1 Nxf2+ 25. Ke2 Nd3 26. Bc3 g6
27. Ng5 h6 28. Nh7 Nf4+ 29. Kf3 Nd5 30. Be5 Ke7 31. h4 f6 32. Bb8 a6 33. Ba7 c3
34. bxc3 Nxc3 35. g4 Nxa4 36. Be3 b5 37. g5 fxg5 38. hxg5 h5 39. Nf6 Nb2 40. Ne4
a5 41. Nc3 b4 42. Nb5 a4 43. Na7 Kd7 44. Nb5 a3 45. Nd4 Na5 46. Nc2 a2 47. Nxb4
a1=Q 48. Nc2 Qd1+ 49. Kg3 Qxc2 50. Kf4 Qh2+ 51. Kf3 Nac4 52. Bd4 e5 53. Bc5 Nd2+
54. Ke3 Qf4+ 55. Ke2 Qxg5 56. Be3 Qg2+ 57. Bf2 Ne4 58. Ke3 Nxf2 59. Ke2 h4 0-1

[Event "Escacs 53"]
[Site "http://www.queenalice.com/game.php?id=1766652"]
[Date "2021.8.12"]
[Round "-"]
[White "MarGuizoni"]
[Black "alterego"]
[Result "0-1"]
[WhiteElo "1552"]
[BlackElo "1562"]

1. e4 c5 2. Nf3 g6 3. d4 cxd4 4. Nxd4 Bg7 5. Bb5 a6 6. Bc4 e6 7. Nxe6 fxe6 8.
Bxe6 Ne7 9. Bb3 Qa5+ 10. Bd2 Qe5 11. Nc3 Nbc6 12. O-O Nd4 13. Re1 Nxb3 14. axb3
O-O 15. b4 b5 16. Qe2 Bb7 17. Ra2 Rf6 18. Qg4 Raf8 19. f4 Qd4+ 20. Be3 Qxb4 21.
Qxd7 Bxe4 22. Bd2 Nf5 23. Rxe4 Qc5+ 24. Be3 Nxe3 25. b4 Nxc2+ 26. Kh1 Qxc3 27.
Re7 R6f7 28. Rxa6 Nxb4 29. Rae6 Qc1+ 30. Re1 Qxf4 31. g3 Qf3+ 32. Kg1 Qf2+ 33.
Kh1 Rxe7 34. Qxe7 Qf3+ 35. Kg1 Bd4+ 36. Re3 Qf1# 0-1

[Event "Challenge"]
[Site "http://www.queenalice.com/game.php?id=1766809"]
[Date "2021.8.13"]
[Round "-"]
[White "dosoldini"]
[Black "MarGuizoni"]
[Result "0-1"]
[WhiteElo "1530"]
[BlackElo "1534"]

1. c4 c5 2. Nc3 Nf6 3. h3 d5 4. e3 e5 5. Qf3 e4 6. Qe2 Nc6 7. f3 Be7 8. fxe4
Nxe4 9. Nxe4 dxe4 10. g3 O-O 11. d3 exd3 12. Qxd3 Bd6 13. Nf3 Bxg3+ 14. Ke2
Qxd3+ 15. Kxd3 Rd8+ 16. Ke2 Nb4 17. Bd2 Nc2 18. Rc1 Bf5 19. Be1 Nxe1 20. Nxe1
Be4 21. Rg1 Be5 22. Rg4 Bf5 23. Rg5 g6 24. Rd1 Bf6 25. Rg3 Be6 26. Nd3 Bxc4 27.
Kf2 Bh4 28. Re1 Bxg3+ 29. Kxg3 Bxd3 30. Bg2 Rd7 31. Rc1 Re8 32. Kf4 b6 33. Bc6
Ree7 34. Bxd7 Rxd7 35. b3 Bf5 36. h4 Rd2 37. Rf1 Rxa2 38. Rd1 Rb2 39. Kg5 Kf8
40. Kf6 Ke8 41. Rf1 Rxb3 42. Re1 c4 43. e4 c3 44. exf5+ Kf8 45. Re7 gxf5 46.
Rxf7+ Kg8 47. Rd7 h6 48. Kg6 Kf8 49. Kxh6 c2 0-1

[Event "Let's Play Chess!"]
[Site "http://www.queenalice.com/game.php?id=1767188"]
[Date "2021.8.18"]
[Round "-"]
[White "Olavio"]
[Black "MarGuizoni"]
[Result "0-1"]
[WhiteElo "1954"]
[BlackElo "1550"]

1. e4 c5 2. Nf3 d6 3. Bc4 Nf6 4. d4 cxd4 5. Qxd4 Nc6 6. Qd3 Bg4 7. Bd2 e6 8. Nc3
Nb4 9. Bb5+ Nd7 10. Bxd7+ Qxd7 11. Qb5 Nxc2+ 12. Kd1 Nxa1 13. Kc1 Qxb5 14. Nxb5
Rc8+ 15. Nc3 d5 16. exd5 exd5 17. Kb1 Bxf3 18. gxf3 d4 19. Re1+ Be7 20. Nd5 d3
21. Rxe7+ Kd8 22. Kxa1 Rc5 23. Rxb7 Rc2 24. Be3 d2 25. Bxd2 Rxd2 26. Nc3 Re8 27.
Rb8+ Kd7 28. Rxe8 Kxe8 29. a4 Rxf2 30. b4 Rxf3 31. Kb2 Rf2+ 32. Kb3 Rxh2 33. b5
Kd8 34. Nd5 Rd2 35. Kc4 h5 36. a5 h4 37. b6 axb6 38. axb6 Kc8 39. Ne7+ Kb7 40.
Kc3 h3 41. Kxd2 h2 0-1

[Event "AUTO-OPEN-4301"]
[Site "http://www.queenalice.com/game.php?id=1767239"]
[Date "2021.8.18"]
[Round "1"]
[White "Numberone"]
[Black "MarGuizoni"]
[Result "0-1"]
[WhiteElo "2028"]
[BlackElo "1522"]

1. e4 c5 2. Nf3 d6 3. Bb5+ Nc6 4. O-O Nf6 5. Nc3 Bd7 6. d4 cxd4 7. Nxd4 a6 8.
Bxc6 bxc6 9. Re1 d5 10. exd5 Nxd5 11. Nce2 e5 12. Ng3 Bd6 13. c4 c5 14. cxd5
cxd4 15. Qxd4 O-O 16. Rxe5 Bxe5 17. Qxe5 Re8 18. Qc3 Rc8 19. Qd2 Qe7 20. b3 Qe1+
21. Nf1 Bb5 22. Qxe1 Rxe1 23. Bb2 Rxa1 0-1

[Event "AUTO-OPEN-4301"]
[Site "http://www.queenalice.com/game.php?id=1767240"]
[Date "2021.8.18"]
[Round "1"]
[White "MarGuizoni"]
[Black "Numberone"]
[Result "0-1"]
[WhiteElo "1536"]
[BlackElo "1969"]

1. e4 e5 2. Nf3 Nc6 3. Bc4 Be7 4. O-O Nf6 5. d3 O-O 6. Re1 d6 7. Nc3 Bg4 8. h3
Bxf3 9. Qxf3 Nd4 10. Qd1 a6 11. a3 b5 12. Ba2 c5 13. b4 cxb4 14. axb4 Qc7 15.
Bb2 Rfc8 16. Nd5 Nxd5 17. Bxd5 Rab8 18. Rxa6 Qxc2 19. Qa1 Qxd3 20. Qd1 Qxd1 21.
Rxd1 Ne2+ 22. Kf1 Rc2 23. Ra2 Nf4 24. Bb3 Rcc8 25. Ra7 Kf8 26. Bd5 Rc2 27. Rb1
Nd3 28. Ba3 Rxf2+ 29. Kg1 Rc2 30. Bb3 Rc3 31. Bb2 Rxb3 32. Ra3 Rxb2 33. Rxb2
Nxb2 34. Rb3 Nc4 35. Kf2 f5 36. exf5 e4 37. g4 Ra8 38. Kg3 Ra3 39. Rxa3 Nxa3 40.
Kf4 d5 41. Ke5 e3 42. Kxd5 Bxb4 43. Ke6 e2 44. f6 e1=Q+ 45. Kf5 Qf2+ 46. Kg5
Bd2+ 47. Kh5 g6# 0-1

[Event "AUTO-OPEN-4301"]
[Site "http://www.queenalice.com/game.php?id=1767261"]
[Date "2021.8.18"]
[Round "1"]
[White "PaulMSains"]
[Black "MarGuizoni"]
[Result "1-0"]
[WhiteElo "1657"]
[BlackElo "1567"]

1. e4 c5 2. Bc4 Nf6 3. Nc3 e6 4. Nf3 Nc6 5. O-O Be7 6. d4 O-O 7. h3 cxd4 8. Nxd4
d5 9. Nxc6 bxc6 10. exd5 cxd5 11. Bd3 Qc7 12. Qf3 Bb7 13. Qg3 Qc6 14. Bh6 Nh5
15. Qg4 Bf6 16. Qxh5 d4 17. Ne4 e5 18. Nxf6+ Qxf6 19. Bg5 g6 20. Bxf6 gxh5 21.
Bxe5 Rad8 22. f4 f6 23. Bc4+ Bd5 24. Bxd5+ Rxd5 25. Rad1 fxe5 26. fxe5 Re8 27.
Rf4 Rexe5 28. Rfxd4 Rxd4 29. Rxd4 Re1+ 30. Kf2 Re8 31. g3 Rf8+ 32. Rf4 Rd8 33.
Ke3 Re8+ 34. Re4 Rf8 35. c4 Kg7 36. Re7+ Kf6 37. Rxh7 Kg6 38. Rxa7 Re8+ 39. Kd3
Rd8+ 40. Kc3 Re8 41. Kb4 Rb8+ 42. Ka4 Rxb2 43. a3 Rh2 44. Ra6+ Kg5 45. h4+ Kg4
46. Rh6 Rc2 47. Kb3 Rg2 48. c5 Rxg3+ 49. Kb4 Kxh4 50. a4 Kg5 51. Rd6 Rg4+ 52.
Kb5 h4 53. Rd1 h3 54. Rh1 Kh4 55. c6 Rg2 56. c7 h2 57. c8=Q Rg1 58. Rxh2+ Kg3
59. Qh3+ Kf4 60. Rf2+ Ke4 61. Qf5+ Ke3 62. Qf4+ Kd3 63. Rf3+ Kc2 64. Qc4+ Kd2
65. Qd4+ Kc2 66. Qxg1 Kd2 67. Qg2+ Kd1 68. Rf1# 1-0

[Event "AUTO-OPEN-4301"]
[Site "http://www.queenalice.com/game.php?id=1767262"]
[Date "2021.8.18"]
[Round "1"]
[White "MarGuizoni"]
[Black "PaulMSains"]
[Result "0-1"]
[WhiteElo "1580"]
[BlackElo "1644"]

1. e4 e5 2. Nf3 Nc6 3. Bb5 d6 4. Bxc6+ bxc6 5. O-O Nf6 6. d3 h6 7. Re1 Be7 8.
Be3 O-O 9. c3 Bg4 10. h3 Bh5 11. d4 Nxe4 12. dxe5 dxe5 13. Qxd8 Rfxd8 14. Nxe5
c5 15. Nc6 Rd7 16. Nxe7+ Rxe7 17. Bxc5 Re6 18. Nd2 Nxc5 19. Rxe6 Nxe6 20. Re1
Rd8 21. Ne4 Bg6 22. b4 Bxe4 23. Rxe4 Rd2 24. a4 Rd3 25. Rc4 Rd1+ 26. Kh2 Rd2 27.
b5 Rxf2 28. a5 Rf5 29. Rb4 Nd8 30. Rd4 Ne6 31. Rd7 Rxb5 32. a6 Rb6 33. c4 Rxa6
34. Rd5 Rc6 35. Ra5 Rxc4 36. Rxa7 Nf4 37. Kg3 Ne6 38. Ra8+ Nf8 39. Kf3 c5 40.
Ke3 Rc1 41. Kd2 Rg1 42. Rc8 Rxg2+ 43. Ke1 Rh2 44. Rxc5 Rxh3 45. Kf2 g6 46. Kg2
Re3 47. Kf2 Re6 48. Kf3 h5 49. Kg3 f6 50. Kh4 Re4+ 51. Kg3 h4+ 52. Kh3 g5 53.
Rf5 Nh7 54. Rb5 Kg7 55. Rb7+ Kg6 56. Rb6 Nf8 57. Rb8 Ne6 58. Rg8+ Kf5 59. Re8
Nf4+ 60. Kh2 Rxe8 61. Kg1 h3 62. Kh2 g4 63. Kg1 g3 64. Kf1 g2+ 65. Kg1 Re1+ 66.
Kf2 g1=Q+ 67. Kf3 Qe3# 0-1

[Event "AUTO-INT-3695"]
[Site "http://www.queenalice.com/game.php?id=1767370"]
[Date "2021.8.19"]
[Round "1"]
[White "Jomaley"]
[Black "MarGuizoni"]
[Result "0-1"]
[WhiteElo "1617"]
[BlackElo "1584"]

1. e4 c5 2. Bc4 Nf6 3. f3 Nc6 4. d3 e6 5. Bg5 Be7 6. Bxf6 Bxf6 7. c3 O-O 8. Nh3
d5 9. exd5 exd5 10. Bb3 Re8+ 11. Kf1 d4 12. c4 Re3 13. a3 Bxh3 14. gxh3 Bh4 15.
Nd2 Qd7 16. Kg2 Rae8 17. Ne4 Ne5 18. Nxc5 Qf5 19. Rf1 Nxf3 20. Rxf3 Qg5+ 21. Rg3
Bxg3 22. hxg3 Qxg3+ 23. Kf1 Qxh3+ 24. Kg1 Rg3+ 25. Kf2 Qg2# 0-1

[Event "AUTO-INT-3695"]
[Site "http://www.queenalice.com/game.php?id=1767371"]
[Date "2021.8.19"]
[Round "1"]
[White "MarGuizoni"]
[Black "Jomaley"]
[Result "1-0"]
[WhiteElo "1565"]
[BlackElo "1636"]

1. e4 e5 2. Nf3 Bd6 3. Bc4 Nh6 4. O-O c6 5. d4 Ng4 6. dxe5 Bxe5 7. Nxe5 Nxe5 8.
Bb3 d6 9. Nc3 Bg4 10. Ne2 O-O 11. f3 Be6 12. Nd4 Bxb3 13. Nxb3 g5 14. Nd4 Na6
15. f4 gxf4 16. Bxf4 Qb6 17. b3 c5 18. Nf5 c4+ 19. Be3 Nc5 20. Bd4 f6 21. Rb1
cxb3 22. cxb3 Qc7 23. Rc1 b6 24. Rc3 Nxe4 25. Rxc7 1-0

[Event "AUTO-INT-3695"]
[Site "http://www.queenalice.com/game.php?id=1767386"]
[Date "2021.8.19"]
[Round "1"]
[White "juliobragatecbr"]
[Black "MarGuizoni"]
[Result "1-0"]
[WhiteElo "1354"]
[BlackElo "1534"]

1. e4 c5 2. Nf3 d6 3. d4 cxd4 4. Nxd4 Nc6 5. Bb5 Bd7 6. Nxc6 Qa5+ 7. Nxa5 Bxb5
8. a4 Bd7 9. Nxb7 Bc6 10. Na5 Bxe4 11. O-O Nf6 12. Nc3 d5 13. Nxe4 Rd8 14. Nxf6+
exf6 15. Be3 a6 16. Re1 Be7 17. Nc6 Rd7 18. Bc5 O-O 19. Rxe7 Rxe7 20. Nxe7+ Kh8
21. Ng6+ fxg6 22. Bxf8 h5 23. Qxd5 f5 24. Qf7 Kh7 25. Qxg7# 1-0

[Event "AUTO-INT-3695"]
[Site "http://www.queenalice.com/game.php?id=1767387"]
[Date "2021.8.19"]
[Round "1"]
[White "MarGuizoni"]
[Black "juliobragatecbr"]
[Result "0-1"]
[WhiteElo "1576"]
[BlackElo "1782"]

1. e4 e5 2. Nf3 Nc6 3. Bc4 h6 4. O-O Nf6 5. Re1 Bc5 6. c3 d6 7. d4 exd4 8. cxd4
Bb6 9. d5 Ne5 10. Nxe5 dxe5 11. Be3 O-O 12. Bxb6 axb6 13. Nd2 c6 14. Nf3 cxd5
15. exd5 e4 16. Nd2 Bf5 17. Nf1 Qd7 18. Ng3 Bg4 19. Be2 Bxe2 20. Rxe2 Rfe8 21.
d6 Re6 22. Nf5 Re5 23. Ne7+ Kh8 24. Rc1 Ne8 25. Qd4 Qxd6 26. Rxe4 Qxd4 27. Ng6+
fxg6 28. Rxd4 Nf6 29. a3 Rae8 30. Kf1 Rc5 31. Re1 Rxe1+ 32. Kxe1 Rc2 33. b4 Ra2
34. Rd3 Ne4 35. Rf3 Nd2 36. Rf8+ Kh7 37. Ra8 Ne4 38. a4 Nxf2 39. a5 Nd3+ 40. Kf1
Nxb4 41. Ra7 Rxa5 42. Rxb7 Nd5 43. Ke2 b5 44. Kd3 b4 45. Kc4 Ne3+ 46. Kxb4 Rh5
47. Re7 Nxg2 48. Kc4 Rh4+ 49. Kd5 Rxh2 50. Ke6 Nf4+ 51. Kf7 Rf2 52. Re8 Nd5+ 53.
Ke6 Nc7+ 54. Kd7 Nxe8 55. Kxe8 g5 56. Ke7 g4 57. Ke6 g3 58. Ke5 g2 59. Ke4 g1=Q
60. Kd4 Rf4+ 61. Ke5 Qe3+ 62. Kd5 Rd4+ 63. Kc5 Qc3+ 64. Kb5 Rb4+ 65. Ka6 Qa3#
0-1

[Event "AUTO-INT-3695"]
[Site "http://www.queenalice.com/game.php?id=1767398"]
[Date "2021.8.19"]
[Round "1"]
[White "MarGuizoni"]
[Black "zecafernandes"]
[Result "1-0"]
[WhiteElo "1555"]
[BlackElo "1398"]

1. e4 e5 2. Nf3 f6 3. Bc4 Nh6 4. d4 Ng4 5. O-O Nc6 6. d5 Na5 7. Nbd2 b6 8. Bb5
Bd6 9. Nc4 Nxc4 10. Bxc4 h6 11. h3 Nxf2 12. Rxf2 Bc5 13. Qd2 a6 14. b4 Bd6 15.
Nh4 f5 16. Nxf5 O-O 17. Nxh6+ Kh7 18. Nf5 b5 19. Be2 Be7 20. Rf3 Bg5 21. Qc3 g6
22. Bxg5 Qxg5 23. Qxe5 Rg8 24. h4 Qd2 25. Rf2 d6 26. Qe7+ Kh8 27. Nh6 Qxh6 28.
Raf1 Rg7 29. Qf8+ Kh7 30. Rf7 Bb7 31. Qe7 Qe3+ 32. R1f2 Qc1+ 33. Kh2 Qxc2 34.
Rxg7+ Kh8 35. Rh7+ Kg8 36. Qg7# 1-0

[Event "AUTO-INT-3695"]
[Site "http://www.queenalice.com/game.php?id=1767399"]
[Date "2021.8.19"]
[Round "1"]
[White "zecafernandes"]
[Black "MarGuizoni"]
[Result "1-0"]
[WhiteElo "1386"]
[BlackElo "1601"]

1. e4 c5 2. Qf3 Nf6 3. e5 Ng8 4. Bc4 e6 5. d3 Nc6 6. Nh3 d6 7. exd6 Nd4 8. Qf4
Nxc2+ 9. Kd2 Nxa1 10. Ng5 Nh6 11. Na3 Bxd6 12. Bb5+ Bd7 13. Qe4 Qxg5+ 14. Kc3
Be5+ 15. Kc4 Ng4 16. Bxg5 h5 17. Qxb7 O-O 18. Qxd7 Bxb2 19. f3 Rfd8 20. Bxd8
Ne3+ 21. Kxc5 Bxa3+ 22. Kc6 a6 23. Qe8+ Kh7 24. Kb7 Rxd8 25. Qxd8 axb5 26. Rxa1
Nxg2 27. Qa5 Bb2 28. Rb1 Be5 29. Rxb5 f6 30. Rb6 Nf4 31. Kc6 Bd4 32. Rb8 Be5 33.
Qd8 Bxb8 34. Qxb8 Nxd3 35. Qb3 Ne5+ 36. Kd6 Nf7+ 37. Kxe6 Nd8+ 38. Kd5 g5 39.
Qd3+ Kh6 40. Qf5 Kg7 41. a4 Nf7 42. Ke6 Nd8+ 43. Kd5 Nf7 44. a5 Nh6 45. Qd7+ Nf7
46. a6 g4 47. fxg4 h4 48. a7 Kg6 49. a8=Q Ne5 50. Qg8+ Kh6 51. Qdg7# 1-0

[Event "Challenge"]
[Site "http://www.queenalice.com/game.php?id=1797126"]
[Date "2022.9.29"]
[Round "-"]
[White "Erlofabr"]
[Black "MarGuizoni"]
[Result "1-0"]
[WhiteElo "1610"]
[BlackElo "1612"]

1. f4 Nf6 2. d3 c5 3. e4 d6 4. e5 Nd5 5. Qf3 Be6 6. f5 Qd7 7. g4 Nc6 8. fxe6
Qxe6 9. Bh3 Nd4 10. Qe4 Nxc2+ 11. Kd1 Nxa1 12. g5 Qxe5 13. Qa4+ Kd8 14. Qd7# 1-0

[Event "Challenge"]
[Site "http://www.queenalice.com/game.php?id=1797790"]
[Date "2022.10.11"]
[Round "-"]
[White "Erlofabr"]
[Black "MarGuizoni"]
[Result "1-0"]
[WhiteElo "1691"]
[BlackElo "1650"]

1. d4 d5 2. f4 e6 3. c4 Bb4+ 4. Bd2 Bxd2+ 5. Nxd2 Nc6 6. Qa4 Bd7 7. Qb3 Nxd4 8.
Qc3 Nf5 9. g4 Qh4+ 10. Kd1 Qxg4 11. Bh3 Qxf4 12. Ngf3 Ne3+ 13. Ke1 Nxc4 14. Rf1
Nxd2 15. Nxd2 d4 16. Qb3 Qh4+ 17. Rf2 Bc6 18. Bxe6 Nh6 19. Nf3 Qe4 20. Ng5 Qe5
21. Bxf7+ Nxf7 22. Qxf7+ Kd8 23. Ne6+ Kc8 24. Rf5 Be8 25. Qf8 Rxf8 26. Rxe5 Rf7
27. Ng5 Rf8 28. Nxh7 Rh8 29. Ng5 Kd7 30. Rd1 Rh4 31. Nf3 Rf4 32. Nxd4 Kd6 33.
Rg5 g6 34. Rxg6+ Bxg6 35. Nf3+ Kc6 36. Ne5+ Kc5 37. Nxg6 Rd4 38. Rc1+ Rc4 39.
b4+ Kb5 40. a4+ Kxb4 41. Ra1 Rg8 42. Rb1+ Kxa4 43. Ne5 Rg1+ 44. Kf2 Rxb1 45.
Nxc4 Kb5 46. Na3+ Kb4 47. Nxb1 a5 48. h4 a4 49. h5 a3 50. Nxa3 Kxa3 51. h6 b5
52. h7 b4 53. h8=Q b3 54. Qa1+ Kb4 55. Qd4+ Ka3 56. Qa7+ Kb4 57. Qd4+ Ka3 58.
Qa1+ Kb4 59. Qb2 Ka4 60. e4 c5 61. e5 c4 62. e6 Kb4 63. e7 c3 64. Qb1 c2 65. Qb2
c1=Q 66. Qxc1 Ka4 67. e8=Q+ Kb4 68. Qb8+ Ka4 69. Qa1# 1-0

[Event "Let's Play Chess!"]
[Site "http://www.queenalice.com/game.php?id=1799753"]
[Date "2022.11.12"]
[Round "-"]
[White "MarGuizoni"]
[Black "Charles56"]
[Result "0-1"]
[WhiteElo "1631"]
[BlackElo "1619"]

1. e4 e5 2. Nf3 d6 3. Bc4 h6 4. O-O Nf6 5. c3 a6 6. Re1 Bg4 7. d4 exd4 8. cxd4
Be7 9. e5 dxe5 10. dxe5 Qxd1 11. Rxd1 Ne4 12. Rd4 Bxf3 13. Nd2 Nxd2 14. Bxd2 Bc6
15. Rf4 Nd7 16. Bxf7+ Kd8 17. e6 Nf6 18. Rd4+ Bd5 19. Bf4 c6 20. Be5 Bc5 21. Rf4
Ke7 22. Rc1 Bd6 23. Bxd6+ Kxd6 24. Re1 Ke7 25. Re3 Rad8 26. Rb4 b5 27. a4 Rd6
28. axb5 cxb5 29. Rg3 g5 30. Rf3 Bxe6 31. Bxe6 Rxe6 32. Re3 Rxe3 33. fxe3 Rc8
34. Kf2 h5 35. g3 g4 36. e4 Rc4 37. Rb3 Rxe4 38. Ra3 Re6 39. Kg2 Re2+ 40. Kg1
Rxb2 41. Rxa6 b4 42. Ra7+ Nd7 43. Rb7 b3 44. Kf1 Kd6 45. Ke1 Kc6 46. Rb4 Nc5 47.
Kd1 Rxh2 48. Kc1 Rg2 49. Kb1 Rxg3 50. Rf4 h4 51. Rf6+ Kd5 52. Rf5+ Kc4 53. Kb2
h3 54. Rf4+ Kd3 55. Rf5 Kd4 56. Rf4+ Ke5 57. Rc4 Kd5 58. Rf4 Nd3+ 59. Kxb3 Nxf4+
60. Kc2 Ke4 61. Kd2 Re3 62. Kd1 h2 63. Kd2 h1=Q 64. Kc2 Qg2+ 65. Kd1 Rf3 66. Ke1
Rf1# 0-1

[Event "Challenge"]
[Site "http://www.queenalice.com/game.php?id=1799781"]
[Date "2022.11.12"]
[Round "-"]
[White "MarGuizoni"]
[Black "dejami"]
[Result "1-0"]
[WhiteElo "1614"]
[BlackElo "1651"]

1. e4 e5 2. Nf3 d6 3. Bc4 h6 4. O-O Bg4 5. d3 a6 6. Nbd2 Nf6 7. c3 g5 8. Qa4+
Bd7 9. Qb3 b5 10. Bxf7+ Ke7 11. Bg6 Be6 12. c4 bxc4 13. dxc4 Nbd7 14. Bf5 Rb8
15. Qa3 Ra8 16. Nb3 Bxc4 17. Na5 Bb5 18. Qb3 Nc5 19. Nc6+ Bxc6 20. Qc4 Bb5 21.
Qc3 Na4 22. Qc2 c5 23. b3 Nb6 24. a4 Bxf1 25. Kxf1 a5 26. Nd2 Nfd7 27. Nc4 Nc8
28. Qd3 Ra6 29. Qd5 Ke8 30. Bg6+ Ke7 31. Qf7# 1-0

[Event "Challenge"]
[Site "http://www.queenalice.com/game.php?id=1799782"]
[Date "2022.11.12"]
[Round "-"]
[White "dejami"]
[Black "MarGuizoni"]
[Result "0-1"]
[WhiteElo "1635"]
[BlackElo "1596"]

1. e4 c5 2. Bc4 e6 3. e5 Nc6 4. f4 Nge7 5. g4 d6 6. Nf3 d5 7. Bb5 a6 8. Bxc6+
Nxc6 9. c3 d4 10. g5 g6 11. Qa4 b5 12. Qd1 b4 13. cxb4 Nxb4 14. d3 Bb7 15. Rf1
Bg7 16. a3 Nd5 17. Qb3 Rb8 18. Qd1 O-O 19. h4 f6 20. h5 gxh5 21. gxf6 Nxf6 22.
exf6 Bxf6 23. Rg1+ Kh8 24. Nbd2 Bh4+ 25. Nxh4 Qxh4+ 26. Ke2 Qxf4 27. Rf1 Qe3#
0-1

[Event "Challenge"]
[Site "http://www.queenalice.com/game.php?id=1800756"]
[Date "2022.11.27"]
[Round "-"]
[White "MarGuizoni"]
[Black "dejami"]
[Result "1-0"]
[WhiteElo "1615"]
[BlackElo "1654"]

1. e4 e5 2. d4 Qh4 3. Nf3 Qxe4+ 4. Be2 f6 5. Qd3 Qd5 6. Nc3 Qa5 7. O-O c6 8. Bd2
Qd8 9. dxe5 Be7 10. Ne4 f5 11. Nd6+ Kf8 12. Qxf5+ Bf6 13. exf6 g6 14. Qe5 Nxf6
15. Bh6+ Kg8 16. Bc4+ Nd5 17. Qg7# 1-0

[Event "Challenge"]
[Site "http://www.queenalice.com/game.php?id=1800757"]
[Date "2022.11.27"]
[Round "-"]
[White "dejami"]
[Black "MarGuizoni"]
[Result "0-1"]
[WhiteElo "1650"]
[BlackElo "1633"]

1. e3 c5 2. Qf3 Nf6 3. c3 d5 4. h3 d4 5. c4 dxe3 6. Qxe3 Qd4 7. d3 Qxe3+ 8. Bxe3
e5 9. f3 Bd6 10. Nc3 O-O 11. g4 Nc6 12. a3 Nd4 13. Bxd4 exd4 14. Nb5 Bg3+ 15.
Kd2 Bf4+ 16. Kc2 a6 17. Ne2 Be3 18. Nd6 b6 19. f4 Bd7 20. b3 b5 21. Bg2 Rad8 22.
Nb7 Rc8 23. Bf3 Bc6 24. Na5 Bxf3 25. Ng3 Bxh1 26. Rxh1 Bxf4 27. Ne2 Bd6 28. Nb7
Bb8 29. Na5 Rce8 30. Nf4 Bxf4 0-1